Loading...
| Arts - Music | 8 | 23.75 | 100% | 100% | 38% |
| Arts - Other Arts | 4 | 20.00 | 100% | 75% | 25% |
| Arts - Painting | 4 | 22.50 | 100% | 75% | 50% |
| History - American | 1 | 20.00 | 100% | 100% | 0% |
| History - American History | 7 | 17.14 | 100% | 57% | 14% |
| History - European | 6 | 21.67 | 100% | 100% | 17% |
| History - Other History | 6 | 15.00 | 83% | 67% | 0% |
| History - World | 2 | 20.00 | 100% | 100% | 0% |
| History - World History | 5 | 22.00 | 100% | 40% | 80% |
| Literature - American Lit | 6 | 25.00 | 100% | 83% | 67% |
| Literature - British Lit | 9 | 23.33 | 100% | 89% | 44% |
| Literature - European Lit | 7 | 18.57 | 100% | 71% | 14% |
| Literature - World Lit | 6 | 20.00 | 100% | 67% | 33% |
| Mythology | 5 | 24.00 | 100% | 100% | 40% |
| Other - Geo/CE | 6 | 23.33 | 100% | 100% | 33% |
| Other Academic | 5 | 16.00 | 80% | 80% | 0% |
| Philosophy | 1 | 20.00 | 100% | 100% | 0% |
| Pop Culture | 7 | 21.43 | 100% | 71% | 43% |
| Religion | 4 | 22.50 | 100% | 75% | 50% |
| Science - Biology | 7 | 14.29 | 100% | 29% | 14% |
| Science - Chemistry | 7 | 17.14 | 71% | 43% | 57% |
| Science - Engineering | 1 | 20.00 | 100% | 100% | 0% |
| Science - Other Science | 7 | 18.57 | 100% | 71% | 14% |
| Science - Physics | 8 | 17.50 | 100% | 63% | 13% |
| Thought - Philosophy | 7 | 22.86 | 100% | 86% | 43% |
| Thought - Social Science | 9 | 24.44 | 100% | 89% | 56% |